Asuh

Saved in:
Bibliographic Details
Format: Book
Published: Kuala Lumpur Galeri Ilmu Sdn. Bhd.
Tags: Add Tag
No Tags, Be the first to tag this record!
Call Number :

MARC

LEADER 00000pam a2200000 4500
001 1156
003 MY-KLNDU
005 20241218050836.0
035 |a 0000001031 
039 9 |a 200910081255  |b VLOAD  |y 200910081140  |z VLOAD 
245 0 0 |a Asuh 
260 0 0 |a Kuala Lumpur  |b Galeri Ilmu Sdn. Bhd. 
850 |a Library holds 2001 
999 |a vtls000001013  |c 1156  |d 1156